000 00410pab a2200157 454500
008 180718b1997 xxu||||| |||| 00| 0 eng d
100 _aRakesh Basant
245 _aLinking telecom technologies: complementarities, capabilities, and policies
260 _c1997
300 _ap.39-54
362 _aJul-Sep
650 _aTelecommunications
700 _aPankaj Chandra
773 _aVikalpa
909 _a35545
999 _c35545
_d35545